000 00554 a2200181 4500
003 OSt
005 20231214142041.0
008 231214b |||||||| |||| 00| 0 eng d
020 _a9789380618692
040 _coclc
082 _a530.0285
_bMIT/C
100 _aMittal, V K
_94509
245 _aComputational physics :
_b (applications using FORTRAN 77)
_cV K Mittal, R C Verma, S C Gupta
250 _a2nd ed.
260 _aNew Delhi:
_bAne books,
_c2023.
300 _a318p
942 _2ddc
_cBK
_h530.0285
_iMIT/C
_k530.0285
_mMIT/C
999 _c44209
_d44209